District Laboratory Practice in Tropical Countries (Record no. 339)

MARC details
000 -LEADER
fixed length control field 01069cam a2200289 a 4500
001 - CONTROL NUMBER
control field 14298908
003 - CONTROL NUMBER IDENTIFIER
control field OSt
005 - DATE AND TIME OF LATEST TRANSACTION
control field 20200205170504.0
008 - FIXED-LENGTH DATA ELEMENTS--GENERAL INFORMATION
fixed length control field 060314m20052006enka b 001 0 eng
010 ## - LIBRARY OF CONGRESS CONTROL NUMBER
LC control number 2006273416
020 ## - INTERNATIONAL STANDARD BOOK NUMBER
International Standard Book Number 9780521135146
040 ## - CATALOGING SOURCE
Original cataloging agency DLC
Transcribing agency DLC
Modifying agency DLC
050 00 - LIBRARY OF CONGRESS CALL NUMBER
Classification number RC961.5
Item number .C527 2005
082 00 - DEWEY DECIMAL CLASSIFICATION NUMBER
Classification number WB141 C415d 2006
Edition number 22
100 1# - MAIN ENTRY--PERSONAL NAME
Personal name Cheesbrough, Monica.
9 (RLIN) 884
245 10 - TITLE STATEMENT
Title District Laboratory Practice in Tropical Countries
250 ## - EDITION STATEMENT
Edition statement 2nd ed.
Remainder of edition statement part 2
260 ## - PUBLICATION, DISTRIBUTION, ETC. (IMPRINT)
Place of publication, distribution, etc. Cambridge;
Date of publication, distribution, etc. 2006.
300 ## - PHYSICAL DESCRIPTION
Extent v, 434 p. :
Other physical details ill. (some col.) ;
Dimensions 26 cm.
490 0# - SERIES STATEMENT
Series statement Tropical health technology
650 #0 - SUBJECT ADDED ENTRY--TOPICAL TERM
Topical term or geographic name as entry element Medical diagnosis
9 (RLIN) 886
856 42 - ELECTRONIC LOCATION AND ACCESS
Materials specified Publisher description
Uniform Resource Identifier <a href="http://www.loc.gov/catdir/enhancements/fy0633/2006273416-d.html">http://www.loc.gov/catdir/enhancements/fy0633/2006273416-d.html</a>
856 41 - ELECTRONIC LOCATION AND ACCESS
Materials specified Table of contents only
Uniform Resource Identifier <a href="http://www.loc.gov/catdir/enhancements/fy0633/2006273416-t.html">http://www.loc.gov/catdir/enhancements/fy0633/2006273416-t.html</a>
906 ## - LOCAL DATA ELEMENT F, LDF (RLIN)
a 7
b cbc
c origcop
d 2
e ncip
f 20
g y-gencatlg
942 ## - ADDED ENTRY ELEMENTS (KOHA)
Source of classification or shelving scheme Other/Generic Classification Scheme
Koha item type Book Bank
Holdings
Withdrawn status Lost status Source of classification or shelving scheme Damaged status Not for loan Home library Current library Date acquired Source of acquisition Inventory number Total Checkouts Full call number Barcode Date last seen Koha item type Date last checked out
    Other/Generic Classification Scheme     MUST Main Library MUST Main Library 12/08/2014 Purchase 11/34100   WB 141 C415d 2006 2014-2083 12/08/2014 Book Bank  
    Other/Generic Classification Scheme     MUST Main Library MUST Main Library 12/08/2014 Purchase 11/34102   WB 141 C415d 2006 2014-2084 12/08/2014 Book Bank  
    Other/Generic Classification Scheme     MUST Main Library MUST Main Library 12/08/2014 Purchase 11/34093   WB 141 C415d 2006 2014-2085 12/08/2014 Book Bank  
    Other/Generic Classification Scheme     MUST Main Library MUST Main Library 12/08/2014 Purchase 11/34088   WB 141 C415d 2006 2014-2086 12/08/2014 Book Bank  
    Other/Generic Classification Scheme     MUST Main Library MUST Main Library 12/08/2014 Purchase 11/34084   WB 141 C415d 2006 2014-2087 12/08/2014 Book Bank  
    Other/Generic Classification Scheme     MUST Main Library MUST Main Library 12/08/2014 Purchase 11/34096   WB 141 C415d 2006 2014-2088 12/08/2014 Book Bank  
    Other/Generic Classification Scheme     MUST Main Library MUST Main Library 12/08/2014 Purchase 11/34087   WB 141 C415d 2006 2014-2089 12/08/2014 Book Bank  
    Other/Generic Classification Scheme     MUST Main Library MUST Main Library 12/08/2014 Purchase 11/34098 1 WB 141 C415d 2006 2014-2090 27/01/2021 Book Bank 05/02/2020
    Other/Generic Classification Scheme     MUST Main Library MUST Main Library 12/08/2014 Purchase 11/34083   WB 141 C415d 2006 2014-2091 12/08/2014 Book Bank  
    Other/Generic Classification Scheme     MUST Main Library MUST Main Library 12/08/2014 Purchase 11/34094   WB 141 C415d 2006 2014-2092 12/08/2014 Book Bank  
    Other/Generic Classification Scheme     MUST Main Library MUST Main Library 12/08/2014 Purchase 11/34095 1 WB 141 C415d 2006 2014-2093 12/10/2022 Book Bank 09/08/2022
    Other/Generic Classification Scheme     MUST Main Library MUST Main Library 12/08/2014 Purchase 11/34086   WB 141 C415d 2006 2014-2094 12/08/2014 Book Bank  
    Other/Generic Classification Scheme     MUST Main Library MUST Main Library 12/08/2014 Purchase 11/3401   WB 141 C415d 2006 2014-2095 12/08/2014 Book Bank  
    Other/Generic Classification Scheme     MUST Main Library MUST Main Library 12/08/2014 Purchase 11/34085   WB 141 C415d 2006 2014-2096 12/08/2014 Book Bank  
    Other/Generic Classification Scheme     MUST Main Library MUST Main Library 12/08/2014 Purchase 11/34091   WB 141 C415d 2006 2014-2097 12/08/2014 Book Bank  
    Other/Generic Classification Scheme     MUST Main Library MUST Main Library 12/08/2014 Purchase 11/34092 1 WB 141 C415d 2006 2014-2098 03/11/2021 Book Bank 12/04/2021
    Other/Generic Classification Scheme     MUST Main Library MUST Main Library 12/08/2014 Purchase 11/34099   WB 141 C415d 2006 2014-2099 12/08/2014 Book Bank